| 000 | 00560cam a22002171 4500 | ||
|---|---|---|---|
| 001 | sa 68005565 | ||
| 003 | DLC | ||
| 005 | 20260227112509.0 | ||
| 008 | 891017s1966 ii ac 000 0 beno | ||
| 010 | _asa 68005565 | ||
| 035 | _a(OCoLC)20504090 | ||
| 040 |
_aDLC _cWaU _dDLC |
||
| 042 | _apremarc | ||
| 050 | 0 | 0 |
_aPK1718.T2 _bZ78 |
| 100 | 1 |
_aMajumadāra, Līlā, _d1908-2007. |
|
| 245 | 0 | 0 | _aAbanīndranātha. |
| 260 | _c[1966] | ||
| 300 |
_a67 p. _bcol. illus., ports. _c23 cm. |
||
| 500 | _aIn Bengali. | ||
| 600 | 1 | 0 |
_aTagore, Abanindranath, _d1871-1951. |
| 999 |
_c80773 _d80773 |
||